Соціокультурний компонент змісту навчання як засіб підвищення мотивації вивчення іноземної мови (Запис № 281881)

МАРК-запис
000 -LEADER
fixed length control field 01576nam a22001577a 4500
041 ## - LANGUAGE CODE
Language code of text/sound track or separate title ukr
080 ## - UNIVERSAL DECIMAL CLASSIFICATION NUMBER
Universal Decimal Classification number 09
090 ## - LOCALLY ASSIGNED LC-TYPE CALL NUMBER (OCLC); LOCAL CALL NUMBER (OCLC)
Local cutter number (OCLC) ; Book number/undivided call number, CALL (RLIN) ВОР
100 ## - MAIN ENTRY--PERSONAL NAME
Personal name Ворончук Т. М.
245 ## - TITLE STATEMENT
Title Соціокультурний компонент змісту навчання як засіб підвищення мотивації вивчення іноземної мови
260 ## - PUBLICATION, DISTRIBUTION, ETC. (IMPRINT)
Place of publication, distribution, etc Острог
Name of publisher, distributor, etc КАФ
Date of publication, distribution, etc 2003
300 ## - PHYSICAL DESCRIPTION
Extent 49
520 ## - SUMMARY, ETC.
Summary, etc Розділ 1. Зміст навчання та психолого-педагогічні передумови включення в нього соціокультурного компонента.<br/>1.1. Основні компоненти змісту навчання іноземній мові у загальноосвітній школі.<br/>1.2. Звязок змісту навчання й мотивації вивчення іноземної мови.<br/>Розділ 2. Особливості використання соціокультурного компонента в процесі формування комунікативної компетенції.<br/>2.1. Соціокультурний компонент у змісті навчання іноземній мові у загальноосвітній школі.<br/>2.2. Методика формування комунікативної компетенції (на прикладі уроку для учнів 7 класу НВК №1 м. Шепетівки).
-- методика, соціокультура, урок
650 ## - SUBJECT ADDED ENTRY--TOPICAL TERM
Topical term or geographic name as entry element Research Papers
942 ## - ADDED ENTRY ELEMENTS (KOHA)
Koha item type Книги
Фонди
Withdrawn status Lost status Source of classification or shelving scheme Damaged status Not for loan Home library Current library Date acquired Source of acquisition Coded location qualifier Cost, normal purchase price Total Checkouts Full call number Barcode Date last seen Price effective from Koha item type
    Universal Decimal Classification     ВІЛ - Відділ іноземн. літератури НБ ВІЛ - Відділ іноземн. літератури НБ 08/08/2005 Акт 03\01 В21 1.00   09 208811 20/12/2021 01/09/2003 Книги